[Event "Finland Team Cup 2014"]
[Site "Helsinki FIN"]
[Date "2014.05.10"]
[Round "3"]
[White "Laakso, Harri"]
[Black "Ertbjerg, Per"]
[Result "0-1"]
[Board "3"]
[WhiteTeam "Etelä-Vantaan Shakki"]
[BlackTeam "Lauttasaaren Shakkikerho"]
[WhiteElo "2179"]
[BlackElo "1998"]

1.d4 Nf6 2.c4 g6 3.Nc3 d5 4.e3 Bg7 5.Nf3 O-O 6.Bd3 Bg4 7.h3 Bxf3
8.Qxf3 c6 9.O-O Na6 10.a3 Nc7 11.Rd1 Re8 12.b3 e5 13.dxe5 Nd7 14.Bb2
Nxe5 15.Qe2 d4 16.Bc2 c5 17.Na4 Ne6 18.Be4 Qh4 19.Bd5 dxe3 20.Qxe3 Nf4
21.Bc3 Ned3 22.Qf3 Ne2+ 23.Kf1 Nxc3 24.Nxc3 Ne5 25.Qe4 Qf6 26.Rac1 Nc6
27.Qf3 Qxf3 28.Bxf3 Nd4 29.Nb5 Nxf3 30.gxf3 Re7 31.b4 a6 32.Nc3 Bd4
33.bxc5 Bxc5 34.Nd5 Re5 35.a4 Kg7 36.Rb1 Rb8 37.Nc7 a5 38.Na6 Ra8
39.Nc7 Rc8 40.Rd7 b6 41.Re1 Rxe1+ 42.Kxe1 h5 43.h4 Kf8 44.Nd5 Re8+
45.Kf1 Re6 46.Rb7 Rc6 47.Kg2 Bd4 48.Kg3 Rxc4 49.Nxb6 Rb4 50.Nd7+ Ke8
51.Rb5 Kxd7 52.Rxa5 Ke6 53.Ra6+ Kf5 54.f4 Rb2 55.f3 Bf2+ 56.Kh3 Ra2
57.a5 Be1 58.Ra7 f6 59.a6 Bf2 60.Rb7 Rxa6 61.Rb4 Rd6 62.Kg2 Bxh4
63.Rb5+ Kxf4 64.Rb4+ Kg5 65.f4+ Kf5 0-1

[Event "Finland Team Cup 2014"]
[Site "Helsinki FIN"]
[Date "2014.05.10"]
[Round "3"]
[White "Vesely, Petr"]
[Black "Anttila, Perttu"]
[Result "0-1"]
[Board "4"]
[WhiteTeam "Lauttasaaren Shakkikerho"]
[BlackTeam "Etelä-Vantaan Shakki"]
[WhiteElo "1987"]
[BlackElo "2149"]

1.c4 f5 2.Nc3 Nf6 3.g3 g6 4.Bg2 Bg7 5.e3 O-O 6.Nge2 e5 7.d3 d6 8.O-O
c6 9.b3 Be6 10.Bb2 Qc7 11.Rc1 Nbd7 12.Qd2 Rad8 13.f4 Rfe8 14.Rc2 Bf7
15.Re1 a5 16.Kh1 Nc5 17.Nc1 exf4 18.exf4 Rxe1+ 19.Qxe1 Ne6 20.Re2 Nd4
21.Re7 Rd7 22.Rxd7 Nxd7 23.N3e2 Nc2 24.Qd2 Bxb2 25.Qxc2 Bf6 26.d4 Qb6
27.Qd2 a4 28.d5 axb3 29.axb3 cxd5 30.Bxd5 Nc5 31.Bxf7+ Kxf7 32.Qd5+
Kg7 33.Nd4 Ne4 34.Nce2 Qb4 35.Ne6+ Kh6 36.Nf8 Qe1+ 37.Ng1 Qf1 38.h3
Qf2 0-1

[Event "Finland Team Cup 2014"]
[Site "Helsinki FIN"]
[Date "2014.05.10"]
[Round "3"]
[White "Vihinen, Teemu"]
[Black "Lindholm, Arto"]
[Result "0-1"]
[Board "5"]
[WhiteTeam "Etelä-Vantaan Shakki"]
[BlackTeam "Lauttasaaren Shakkikerho"]
[WhiteElo "2129"]
[BlackElo "1975"]

1.e4 d6 2.d4 Nf6 3.Nc3 c6 4.f4 Qa5 5.Bd3 e5 6.Nf3 exd4 7.Nxd4 g6 8.Qe2
Bg7 9.Nb3 Qc7 10.O-O O-O 11.Kh1 Nbd7 12.Bd2 b5 13.a4 b4 14.Nd1 a5
15.c3 c5 16.cxb4 axb4 17.a5 Re8 18.Nf2 Nb8 19.Bb5 Ba6 20.Bxa6 Rxa6
21.Qc4 Nfd7 22.Rab1 Qa7 23.Nd3 Nc6 24.e5 Nxa5 25.Nxa5 Rxa5 26.exd6 Qb6
27.Ne5 Bxe5 28.fxe5 Nxe5 29.d7 Re6 30.Qf4 Ra7 31.Rbe1 f6 32.Rxe5 Rxe5
33.Qc4+ Kg7 34.Bf4 Re7 35.Qxc5 Qxc5 36.d8=Q Qf2 37.Qd1 Qxb2 38.h3 Ra2
39.Qd5 Ra1 40.Rxa1 Qxa1+ 41.Kh2 Qc3 42.Bd2 Qe5+ 0-1

[Event "Finland Team Cup 2014"]
[Site "Helsinki FIN"]
[Date "2014.05.10"]
[Round "3"]
[White "Lehtinen, Tero"]
[Black "Hallenberg, Sami"]
[Result "0-1"]
[Board "6"]
[WhiteTeam "Lauttasaaren Shakkikerho"]
[BlackTeam "Etelä-Vantaan Shakki"]
[WhiteElo "1901"]
[BlackElo "2116"]

1.d4 f5 2.Bf4 Nf6 3.e3 g6 4.Nd2 Bg7 5.Ngf3 d6 6.Be2 O-O 7.c3 Nc6
8.Qb3+ e6 9.h4 h6 10.Nh2 Kh7 11.Nhf3 Qe7 12.Ng5+ hxg5 13.hxg5+ Nh5
14.O-O-O Rh8 15.Bxh5 gxh5 16.g4 fxg4 17.Rxh5+ Kg8 18.Rxh8+ Bxh8 19.Rh1
Bd7 20.Qc2 Qf7 21.Bg3 Rf8 22.f4 gxf3 23.Nxf3 Qf5 24.Qh2 Kf7 25.Nh4
Qxg5 26.Bf4 Qh5 27.Qg2 Rg8 28.Qf1 Ke8 29.Nf3 Qf5 30.Ng5 Bf6 31.e4
Qxf4+ 32.Qxf4 Bxg5 33.Qxg5 Rxg5 0-1